| 000 | 02505nam0a2200433 4500 | ||
|---|---|---|---|
| 001 | RU\NLR\BIBL_A\022638013 | ||
| 005 | 20260420054445.0 | ||
| 010 |
_a978-5-9704-9051-8 _91000 |
||
| 021 |
_aRU _bКН-П-25-050202 _9КН-П-25-4852 |
||
| 035 | _a(NLR Aleph) 022638013 | ||
| 090 |
_a13685145 _c13685145 |
||
| 100 | _a20251007d2025 u y0rusy50 ca | ||
| 101 | 0 | _arus | |
| 102 | _aRU | ||
| 105 | _aa g 001zy | ||
| 181 | 0 |
_ai _baxxe |
|
| 182 | 0 | _an | |
| 200 | 1 |
_aЭндокринология _eнациональное руководство _f[Абдулхабирова Фатима Магомедовна - кандидат медедицинских наук, врач-эндокринолог, Абросимов Александр Юрьевич - доктор медицинских наук, профессор, Абсатарова Юлия Сергеевна - кандидат медицинских наук и др.] _gпод редакцией академика РАН И. И. Дедова [и др.] _gРоссийская ассоциация эндокринологов |
|
| 203 |
_aТекст _bвизуальный _cнепосредственный |
||
| 205 | _a3-е изд., испр. и доп. | ||
| 210 |
_aМосква _cГЭОТАР-Медиа _d2025 |
||
| 215 |
_a1414 с., [20] л. ил., цв. ил. _cил., цв. ил., табл. _d24 |
||
| 225 | 1 | _aНациональное руководство | |
| 300 | _aАвт. указаны: с. 11-18 | ||
| 300 | _aНа обл.: 30 лет с Вами издательская группа "Гэотар-Медиа" | ||
| 320 | _aБиблиогр. в конце гл. | ||
| 320 | _aПредм. указ.: с. 1408-1414 | ||
| 606 | 1 |
_aЭндокринология _jРуководства, пособия и т.п _9925798 _3RU\NLR\AUTH\6621416 |
|
| 675 | _a616.4 | ||
| 686 | 1 | _aР415.1я77 | |
| 701 | 1 |
_aАбдулхабирова _bФ. М. _gФатима Магомедовна |
|
| 701 | 1 |
_aАбросимов _bА. Ю. _gАлександр Юрьевич |
|
| 701 | 1 |
_aАбсатарова _bЮ. С. _gЮлия Сергеевна |
|
| 702 | 1 |
_4340 _7ca _8rus _aДедов _bИ. И. _cд-р мед. наук _f1941- _gИван Иванович _9116317 _3RU\NLR\AUTH\776363 |
|
| 712 | 0 | 2 |
_4570 _aРоссийская ассоциация эндокринологов _9306724 _3RU\NLR\AUTH\8816731 |
| 942 | _cBOOK | ||
| 980 | _aNB | ||